Afganisztán — egy riporter naplójából
Elmentve itt :
| Szerző: | |
|---|---|
| Dokumentumtípus: | Cikk |
| Megjelent: |
1988
|
| Sorozat: | Gondolat-jel
|
| Kulcsszavak: | Társadalomtudomány |
| Online Access: | http://acta.bibl.u-szeged.hu/11408 |
| LEADER | 00589nab a2200181 i 4500 | ||
|---|---|---|---|
| 001 | acta11408 | ||
| 005 | 20210707110909.0 | ||
| 008 | 161015s1988 hu o 0|| hun d | ||
| 022 | |a 1216-8033 | ||
| 040 | |a SZTE Egyetemi Kiadványok Repozitórium |b hun | ||
| 041 | |a hun | ||
| 100 | 1 | |a Farkas Zoltán | |
| 245 | 1 | 0 | |a Afganisztán — egy riporter naplójából |h [elektronikus dokumentum] / |c Farkas Zoltán |
| 260 | |c 1988 | ||
| 300 | |a 20-21 | ||
| 490 | 0 | |a Gondolat-jel | |
| 695 | |a Társadalomtudomány | ||
| 856 | 4 | 0 | |u http://acta.bibl.u-szeged.hu/11408/1/gondolatjel_1988_1_020-021.pdf |z Dokumentum-elérés |